Statistiques concernant Devine l'animé/manga en images #2

Cliquez ici pour prendre le quiz!

Statistiques générales

  • Ce quiz a été pris 303 fois
  • Le résultat moyen est 11 sur 20

Statistiques - réponses

Réponse% Correct
One Punch Man
93%
Dragon ball
85%
Beyblade
76%
Yu-Gi-Oh
72%
Assassination classroom
68%
Bleach
67%
Hunter X Hunter
62%
Pokemon
62%
Cyberpunk
59%
Seven deadly sins
53%
Tokyo Ghoul
49%
Moi quand je me réincarne en slime
46%
Arcane
44%
Fairy tail
44%
Cowboy Bebop
40%
Berserk
36%
Food wars
34%
Evangelion Neon Genesis
33%
Violet Evergarden
18%
Re:Zero
11%

Distribution des résultats

Percentile par nombre de réponses

% des personnes avec chaque résultat

Votre développement - résultats

Vous n’avez pas pris ce quiz